[Event "PRO League Group Stage"]
[Site "chess.com INT"]
[Date "2020.01.15"]
[Round "2"]
[White "Klein, David"]
[Black "Baramidze, David"]
[Result "0-1"]
[WhiteTitle "GM"]
[BlackTitle "GM"]
[WhiteElo "2495"]
[BlackElo "2597"]
[WhiteTeam "Netherlands Mosquitoes"]
[BlackTeam "Germany Bears"]
[WhiteFideId "1003623"]
[BlackFideId "4667719"]
[EventDate "2020.01.06"]

1. a3 c5 2. h3 b6 3. b4 Bb7 4. Bb2 Nf6 5. e3 e6 6. bxc5 bxc5 7. Nf3 Be7 8. c4
O-O 9. Be2 Nc6 10. O-O Rb8 11. Nc3 Na5 12. Qc2 Bxf3 13. gxf3 d5 14. cxd5 exd5
15. Rab1 Qd7 16. Kg2 Rb6 17. Ba1 c4 18. Rxb6 axb6 19. Rb1 d4 20. exd4 Nh5 21.
Qe4 Bd6 22. Rxb6 Nf4+ 23. Kf1 Bc7 24. Rb5 Re8 25. Qf5 Qxf5 26. Rxf5 Nb3 27. Ne4
Nxe2 28. Kxe2 Nxa1 29. Rc5 Bd6 30. Rxc4 f5 31. Kd3 fxe4+ 32. fxe4 Nb3 33. e5
Bxa3 34. Rc3 Nxd4 35. Rxa3 Nf3 36. Ke3 Nxe5 37. Kf4 Nc4 38. Ra2 Rd8 39. Kg3 Rd3+
40. Kg2 Rxd2 41. Ra7 Ne5 42. Kg3 Rd3+ 43. Kg2 h6 44. Rb7 Kh7 45. Re7 Ng6 46. Rf7
h5 47. Kh2 Kh6 48. Kg2 Nh4+ 49. Kh2 Rf3 50. Rd7 Rxf2+ 51. Kg3 Rg2+ 52. Kf4 g5+
53. Ke4 Re2+ 54. Kd3 Re6 55. Rd8 Ng6 56. Kd4 h4 57. Rd7 Nf4 58. Ra7 Nxh3 59. Kd5
Nf4+ 60. Kd4 h3 61. Ra8 Kh5 62. Rh8+ Rh6 63. Re8 h2 64. Re1 Kg4 65. Rh1 Kf3 66.
Ke5 Kg2 67. Rb1 h1=Q 68. Rb2+ Kf3 69. Rb3+ Kg4 70. Rg3+ Kxg3 71. Kf5 Qd5# 0-1

[Event "PRO League Group Stage"]
[Site "chess.com INT"]
[Date "2020.01.15"]
[Round "2"]
[White "Amin, Bassem"]
[Black "Forcen Esteban, Daniel"]
[Result "1-0"]
[WhiteTitle "GM"]
[BlackTitle "GM"]
[WhiteElo "2673"]
[BlackElo "2548"]
[WhiteTeam "Sweden Wasabis"]
[BlackTeam "Spain Raptors"]
[WhiteFideId "10601457"]
[BlackFideId "2288230"]
[EventDate "2020.01.06"]

1. Nf3 Nf6 2. g3 c5 3. Bg2 d5 4. O-O h6 5. d3 Nc6 6. e4 dxe4 7. dxe4 Qxd1 8.
Rxd1 Bg4 9. Be3 Nxe4 10. h3 Bf5 11. Na3 e6 12. g4 Bh7 13. Nd2 Nxd2 14. Rxd2 Be7
15. Rad1 Rd8 16. Bxc6+ bxc6 17. Rxd8+ Bxd8 18. Bxc5 Be7 19. Bxe7 Kxe7 20. Rd4
Rb8 21. b3 e5 22. Ra4 Rb7 23. Kf1 f6 24. Ke2 Rd7 25. Ra6 Rc7 26. c3 h5 27. Nc4
hxg4 28. hxg4 Kd7 29. b4 Bg8 30. Ne3 Be6 31. Kd3 Kc8 32. a3 Kb7 33. Ra5 Rd7+ 34.
Ke2 Kb6 35. Rc5 a6 36. g5 Kc7 37. a4 Bb3 38. gxf6 gxf6 39. a5 Kb7 40. c4 Ba4 41.
f3 Rd4 42. Ng4 Rf4 43. Nf2 Kc7 44. Nd3 Rh4 45. Ke3 Kd6 46. Nf2 Bc2 47. Ng4 Bg6
48. Nxf6 Rd4 49. Ng4 Rd3+ 50. Kf2 e4 51. Ne5 Rb3 52. Nxg6 Rb2+ 53. Kg3 exf3 54.
Rf5 Rxb4 55. c5+ Ke6 56. Rxf3 Rb5 57. Nf4+ Ke5 58. Ra3 Kd4 59. Ne6+ Kc4 60. Kf4
Rb1 61. Ke5 Rd1 62. Ra4+ Kb5 63. Ra2 Rd5+ 64. Kf6 Rd7 65. Ra1 Kb4 66. Rb1+ Kxa5
67. Rb6 Ra7 68. Rxc6 Kb4 69. Rb6+ Kc4 70. c6 a5 71. c7 1-0

[Event "PRO League Group Stage"]
[Site "chess.com INT"]
[Date "2020.01.15"]
[Round "2"]
[White "Diaz Camallonga, Carles"]
[Black "Blomqvist, Erik"]
[Result "1-0"]
[WhiteTitle "IM"]
[BlackTitle "GM"]
[WhiteElo "2474"]
[BlackElo "2539"]
[WhiteTeam "Spain Raptors"]
[BlackTeam "Sweden Wasabis"]
[WhiteFideId "22235256"]
[BlackFideId "1709437"]
[EventDate "2020.01.06"]

1. e4 c5 2. Nf3 d6 3. Bb5+ Nd7 4. d4 cxd4 5. Qxd4 a6 6. Bxd7+ Qxd7 7. c4 e5 8.
Qd3 f5 9. Nc3 Nf6 10. O-O fxe4 11. Nxe4 Nxe4 12. Qxe4 Qf5 13. Qe3 Be7 14. b3 O-O
15. Ba3 Rf7 16. Rad1 Qg6 17. Nd2 Bf5 18. c5 Bg5 19. Qg3 Bc2 20. Nf3 Bxd1 21.
Nxg5 Be2 22. Re1 Rf5 23. Ne4 Bb5 24. Qxg6 hxg6 25. Nxd6 Rh5 26. Bb2 Bc6 27. Bxe5
a5 28. h3 Kf8 29. Kh2 g5 30. Nf5 g4 31. Bd6+ Kg8 32. Ne7+ Kh7 33. Nxc6 bxc6 34.
Re7 gxh3 35. g4 Rg5 36. Kxh3 a4 37. Be5 axb3 38. axb3 Ra3 39. f4 Rxb3+ 40. Kh4
Rxe5 41. Rxe5 Rc3 42. Kg5 Rc4 43. Kf5 Rd4 44. g5 g6+ 45. Kg4 Rc4 46. Re7+ Kg8
47. Re6 Rxc5 48. Rxg6+ Kf7 49. Rf6+ Kg7 50. Rd6 Rc1 51. Rd7+ Kf8 52. g6 c5 53.
Kf5 Rf1 54. Rc7 c4 55. Rxc4 Kg7 56. Rc7+ Kg8 57. Kg5 Rf2 58. f5 1-0

[Event "PRO League Group Stage"]
[Site "chess.com INT"]
[Date "2020.01.15"]
[Round "2"]
[White "Herrera Reyes, Jose Antonio"]
[Black "Grigorov, Grigor"]
[Result "0-1"]
[WhiteTitle "FM"]
[BlackTitle "GM"]
[WhiteElo "2304"]
[BlackElo "2507"]
[WhiteTeam "Spain Raptors"]
[BlackTeam "Sweden Wasabis"]
[WhiteFideId "2274914"]
[BlackFideId "2907313"]
[EventDate "2020.01.06"]

1. Nf3 d5 2. g3 g6 3. Bg2 Bg7 4. d3 e5 5. h4 h6 6. e4 Ne7 7. Nc3 Be6 8. Qe2 Nbc6
9. exd5 Nxd5 10. O-O O-O 11. Ne4 Bg4 12. Qe1 Re8 13. Nc5 b6 14. Ne4 Nd4 15. Nh2
Be2 16. c3 Bxf1 17. Qxf1 Ne6 18. Ng4 f5 19. Nxh6+ Bxh6 20. Bxh6 fxe4 21. Bxe4
Kh7 22. Bd2 Nf6 23. Bg2 e4 24. d4 c5 25. Be3 cxd4 26. cxd4 Qd5 27. Qe2 Nxd4 28.
Bxd4 Qxd4 29. Rd1 Qe5 30. Bh3 Rad8 31. Rc1 Re7 32. Qe3 Rd3 33. Qe2 Qd4 34. Kg2
Rd2 35. Qe1 e3 0-1

[Event "PRO League Group Stage"]
[Site "chess.com INT"]
[Date "2020.01.15"]
[Round "2"]
[White "Edouard, Romain"]
[Black "Hammer, Jon Ludvig"]
[Result "1-0"]
[WhiteTitle "GM"]
[BlackTitle "GM"]
[WhiteElo "2640"]
[BlackElo "2628"]
[WhiteTeam "France Roosters"]
[BlackTeam "Norway Gnomes"]
[WhiteFideId "633429"]
[BlackFideId "1503707"]
[EventDate "2020.01.06"]

1. c4 e5 2. Nc3 Nf6 3. Nf3 Nc6 4. d3 Bc5 5. a3 a6 6. b4 Ba7 7. e3 d5 8. cxd5
Nxd5 9. Nxd5 Qxd5 10. Be2 O-O 11. Bb2 Bg4 12. O-O Rad8 13. Qc2 Rfe8 14. Rfd1 h6
15. Rab1 Bh5 16. Ba1 Bg6 17. a4 e4 18. Qc3 f6 19. d4 Qh5 20. Ne5 Qxe2 21. Nxg6
Qg4 22. Nf4 Qd7 23. b5 axb5 24. Rxb5 b6 25. Rd5 1-0

[Event "PRO League Group Stage"]
[Site "chess.com INT"]
[Date "2020.01.15"]
[Round "2"]
[White "Lagarde, Maxime"]
[Black "Narayanan, Srinath"]
[Result "1/2-1/2"]
[WhiteTitle "GM"]
[BlackTitle "GM"]
[WhiteElo "2651"]
[BlackElo "2535"]
[WhiteTeam "France Roosters"]
[BlackTeam "Norway Gnomes"]
[WhiteFideId "662399"]
[BlackFideId "5018420"]
[EventDate "2020.01.06"]

1. g3 e5 2. Bg2 Nf6 3. d3 d5 4. Nf3 Bd6 5. O-O O-O 6. Nc3 c6 7. e4 dxe4 8. Nxe4
Nxe4 9. dxe4 h6 10. Qe2 Qe7 11. a4 a5 12. Rd1 Bg4 13. h3 Bxf3 14. Bxf3 Na6 15.
h4 Rfd8 16. Kg2 Bc5 17. Bd2 Nc7 18. Be1 b6 19. Bg4 Qf6 20. c3 Qe7 21. Rxd8+ Rxd8
22. Rd1 b5 23. axb5 cxb5 24. b4 Rxd1 25. Qxd1 Bb6 26. Qa1 a4 27. c4 Bd4 28. Qa2
Qe8 29. Be2 bxc4 30. Bxc4 g6 31. Bd3 Qc6 32. Bd2 h5 33. b5 Nxb5 34. Qxa4 Na7 35.
Qb4 Nc8 36. f3 Kg7 37. Bc4 Nd6 38. Bd3 Qb6 39. Qxb6 Bxb6 40. Bb4 Nb7 41. f4 Bd4
42. Kf3 Nc5 43. Bc2 Nd7 44. Ba4 Nc5 45. Bb5 exf4 46. gxf4 Ne6 47. Bc4 Bf6 48.
Be1 Nd4+ 49. Kg3 Nc2 50. Bf2 Bd4 1/2-1/2

[Event "PRO League Group Stage"]
[Site "chess.com INT"]
[Date "2020.01.15"]
[Round "2"]
[White "Hauge, Lars Oskar"]
[Black "Bacrot, Etienne"]
[Result "0-1"]
[WhiteTitle "IM"]
[BlackTitle "GM"]
[WhiteElo "2493"]
[BlackElo "2679"]
[WhiteTeam "Norway Gnomes"]
[BlackTeam "France Roosters"]
[WhiteFideId "1509276"]
[BlackFideId "605506"]
[EventDate "2020.01.06"]

1. e4 c5 2. Nc3 Nc6 3. f4 g6 4. Nf3 Bg7 5. Bb5 Nd4 6. O-O Nxb5 7. Nxb5 d6 8. d3
Nf6 9. Qe1 Bd7 10. Nc3 Bc6 11. a4 Qc7 12. e5 Nd5 13. exd6 Qxd6 14. Ne4 Qc7 15.
Nxc5 Nxf4 16. Ne4 Ne6 17. Nfg5 Bxe4 18. Qxe4 Qc5+ 19. Be3 Nxg5 20. Bxc5 Nxe4 21.
dxe4 b6 22. Ba3 Rc8 23. c3 Rc4 24. a5 Rxe4 25. axb6 axb6 26. Bb4 f5 27. Ra7 Kf7
28. Rd1 Rb8 29. Rdd7 Bf6 30. Kf2 b5 31. Kf3 Rb6 32. Rab7 Rxb7 33. Rxb7 Re5 34.
Ba5 Ke6 35. Bb6 Rd5 36. Be3 Kd6 37. Ra7 g5 38. h3 h5 39. Ke2 f4 40. Bf2 g4 41.
b4 Ke5 42. hxg4 hxg4 43. Bd4+ Kf5 44. Bc5 Ke4 45. Bxe7 f3+ 46. gxf3+ gxf3+ 47.
Kf2 Rd2+ 48. Kf1 Bxc3 49. Bc5 Bd4 50. Re7+ Kd3 51. Bxd4 Kxd4 52. Rc7 Rb2 53. Rc8
Rxb4 54. Kf2 Rb3 55. Rc7 b4 56. Rc8 Rc3 57. Rb8 Kc4 58. Rd8 Kb3 0-1

[Event "PRO League Group Stage"]
[Site "chess.com INT"]
[Date "2020.01.15"]
[Round "2"]
[White "Niemann, Hans Moke"]
[Black "Vachier-Lagrave, Maxime"]
[Result "0-1"]
[WhiteTitle "IM"]
[BlackTitle "GM"]
[WhiteElo "2465"]
[BlackElo "2770"]
[WhiteTeam "Norway Gnomes"]
[BlackTeam "France Roosters"]
[WhiteFideId "2093596"]
[BlackFideId "623539"]
[EventDate "2020.01.06"]

1. d4 Nf6 2. c4 g6 3. Nc3 d5 4. Bg5 Ne4 5. Bh4 Nxc3 6. bxc3 dxc4 7. e3 Be6 8.
Nh3 Bh6 9. Bg5 Bxg5 10. Nxg5 Bd5 11. e4 h6 12. exd5 hxg5 13. Bxc4 Qd6 14. Rb1
Nd7 15. Qg4 Nb6 16. Bb5+ Kf8 17. Qxg5 Nxd5 18. Rb3 Rh5 19. Qg3 Qxg3 20. fxg3
Nxc3 21. Bd3 Nd5 22. O-O Nf6 23. Rxb7 Rd5 24. Rxc7 Rxd4 25. Be2 a5 26. Bf3 Rad8
27. Rc5 Ra4 28. g4 Nxg4 29. Bxg4 Rxg4 30. Rxa5 Rc4 31. Rg5 Kg7 32. Rg3 Rd2 33.
Rgf3 f5 34. R3f2 Rd5 35. h3 Ra4 36. Re2 Kf6 37. Rfe1 e5 38. Rb2 Rd6 39. Kh2 e4
40. Kg3 Ra3+ 41. Kf2 Rda6 42. Ree2 Kg5 43. g3 Rf3+ 44. Kg2 Raa3 45. Rb3 Raxb3
46. axb3 Rxb3 47. Rc2 Rb6 48. Kf2 Kf6 49. Rc5 Rb2+ 50. Ke3 Rb3+ 51. Kf2 g5 52.
Rc6+ Ke5 53. Rg6 Rb2+ 54. Kf1 e3 55. Rxg5 Ke4 56. h4 f4 57. Rg4 Kd3 58. Rg8 Rb1+
59. Kg2 e2 60. Rd8+ Kc4 61. Rc8+ Kd5 62. Rd8+ Kc6 63. Re8 e1=Q 64. Rxe1 Rxe1 65.
g4 Re3 0-1

[Event "PRO League Group Stage"]
[Site "chess.com INT"]
[Date "2020.01.15"]
[Round "2"]
[White "Vachier-Lagrave, Maxime"]
[Black "Hauge, Lars Oskar"]
[Result "1-0"]
[WhiteTitle "GM"]
[BlackTitle "IM"]
[WhiteElo "2770"]
[BlackElo "2493"]
[WhiteTeam "France Roosters"]
[BlackTeam "Norway Gnomes"]
[WhiteFideId "623539"]
[BlackFideId "1509276"]
[EventDate "2020.01.06"]

1. Nf3 f5 2. d3 d6 3. e4 e5 4. Nc3 Nc6 5. d4 fxe4 6. Nxe4 d5 7. Ng3 e4 8. Ne5
Nf6 9. Bb5 Bd7 10. Bxc6 bxc6 11. O-O Bd6 12. Bg5 O-O 13. f3 Qe8 14. fxe4 Bxe5
15. dxe5 Qxe5 16. Bxf6 Rxf6 17. Rxf6 Qxf6 18. c3 Be6 19. Qa4 Bf7 20. Rf1 Qd6 21.
Nf5 Qc5+ 22. Kh1 Re8 23. exd5 Qf2 24. Qd1 Qxb2 25. Qd4 1-0

[Event "PRO League Group Stage"]
[Site "chess.com INT"]
[Date "2020.01.15"]
[Round "2"]
[White "Bacrot, Etienne"]
[Black "Niemann, Hans Moke"]
[Result "0-1"]
[WhiteTitle "GM"]
[BlackTitle "IM"]
[WhiteElo "2679"]
[BlackElo "2465"]
[WhiteTeam "France Roosters"]
[BlackTeam "Norway Gnomes"]
[WhiteFideId "605506"]
[BlackFideId "2093596"]
[EventDate "2020.01.06"]

1. c4 g6 2. Nf3 Bg7 3. h4 Nf6 4. Nc3 c5 5. b3 Nc6 6. Bb2 e5 7. g3 d6 8. Bg2 O-O
9. d3 h6 10. Qd2 Be6 11. e4 Ng4 12. Nd5 f5 13. exf5 gxf5 14. h5 e4 15. Nh4 Bxb2
16. Qxb2 Bxd5 17. cxd5 Nce5 18. O-O Nxd3 19. Qe2 Qg5 20. Rad1 Rae8 21. Ng6 Qxh5
22. Nh4 Nf4 23. Qb5 a6 24. Qd7 Ne2+ 25. Kh1 e3 26. Bf3 exf2 27. Kg2 Ne3+ 28. Kh2
Nxf1+ 29. Rxf1 Qg5 30. Qxd6 f4 31. Qg6+ Qxg6 32. Nxg6 fxg3+ 33. Kg2 Rf6 34. Nh4 0-1

[Event "PRO League Group Stage"]
[Site "chess.com INT"]
[Date "2020.01.15"]
[Round "2"]
[White "Hammer, Jon Ludvig"]
[Black "Lagarde, Maxime"]
[Result "1/2-1/2"]
[WhiteTitle "GM"]
[BlackTitle "GM"]
[WhiteElo "2628"]
[BlackElo "2651"]
[WhiteTeam "Norway Gnomes"]
[BlackTeam "France Roosters"]
[WhiteFideId "1503707"]
[BlackFideId "662399"]
[EventDate "2020.01.06"]

1. e4 e6 2. d4 d5 3. Nc3 Bb4 4. Ne2 Nc6 5. a3 Ba5 6. e5 f6 7. b4 Bb6 8. b5 Nce7
9. Na4 fxe5 10. Nxb6 axb6 11. dxe5 Nf5 12. c3 Qh4 13. Nf4 Ngh6 14. Qh5+ Qxh5 15.
Nxh5 O-O 16. h3 Nf7 17. f4 Ra4 18. Bd3 Bd7 19. O-O Rfa8 20. Re1 Be8 21. g4 N7h6
22. gxf5 Bxh5 23. fxe6 Bg6 24. Bxg6 hxg6 25. Rd1 Rd8 26. e7 Re8 27. Rxd5 Kf7 28.
Kf2 Nf5 29. Rb1 Kxe7 30. Rb4 Rea8 31. Rd3 Ke6 32. Kf3 Rxb4 33. cxb4 c5 34. bxc6
bxc6 35. Kg4 c5 36. bxc5 bxc5 37. Rb3 Ra6 38. Kg5 Kd5 39. Rb7 c4 40. h4 Nd4 41.
Rd7+ Ke4 42. Rd6 Ra8 43. Kxg6 c3 44. e6 Nf5 45. Rb6 Ra5 46. e7 Nxe7+ 47. Kxg7
Nf5+ 48. Kf6 Nxh4 49. Rb4+ Kd3 50. Ke6 Nf3 51. f5 Nd4+ 52. Rxd4+ Kxd4 53. f6
Re5+ 54. Kd7 Rf5 55. Ke7 Re5+ 56. Kd7 Rf5 57. Ke7 Re5+ 58. Kd7 1/2-1/2

[Event "PRO League Group Stage"]
[Site "chess.com INT"]
[Date "2020.01.15"]
[Round "2"]
[White "Narayanan, Srinath"]
[Black "Edouard, Romain"]
[Result "1/2-1/2"]
[WhiteTitle "GM"]
[BlackTitle "GM"]
[WhiteElo "2535"]
[BlackElo "2640"]
[WhiteTeam "Norway Gnomes"]
[BlackTeam "France Roosters"]
[WhiteFideId "5018420"]
[BlackFideId "633429"]
[EventDate "2020.01.06"]

1. e4 e6 2. d4 d5 3. Nd2 c5 4. Ngf3 cxd4 5. Nxd4 Nf6 6. exd5 Qxd5 7. N4f3 Be7 8.
Bd3 b6 9. Qe2 Bb7 10. O-O O-O 11. Rd1 Nbd7 12. Nf1 Qc6 13. Bf4 a6 14. Ne3 Rfe8
15. Ne5 Nxe5 16. Bxe5 g6 17. c4 Nd7 18. Bc3 Bf6 19. Qc2 Qc7 20. Ng4 Bg7 21. Qc1
e5 22. Bf1 Nc5 23. Ne3 Ne4 24. Be1 Nf6 25. a4 a5 26. c5 bxc5 27. Bb5 Red8 28.
Rxd8+ Rxd8 29. Nc4 Ra8 30. Nxa5 Rxa5 31. Bxa5 Qxa5 32. Qxc5 Ne4 33. Qe7 Qb6 34.
Rf1 Bf8 35. Qxe5 Bc5 36. Qf4 Bd5 37. h4 h5 38. Bd3 Qc6 39. a5 Nf6 40. Bb5 Qxb5
41. Qxf6 Qxa5 42. Rd1 Bb6 43. b4 Qb5 44. Qe5 Bc4 45. Qxb5 Bxb5 46. Rd6 Bc7 47.
Rd5 Be8 48. b5 Kf8 49. Rc5 Bb6 50. Rd5 Ke7 51. Re5+ Kd7 52. g3 Kd8 53. Kg2 Bd7
54. Rd5 Ke7 55. f3 Ke6 56. Rd2 f6 57. Rb2 Kd6 58. Rd2+ Ke6 59. Rb2 Kd6 60. Rd2+
Kc7 61. Rc2+ Kd6 62. Rd2+ 1/2-1/2

[Event "PRO League Group Stage"]
[Site "chess.com INT"]
[Date "2020.01.15"]
[Round "2"]
[White "Bacrot, Etienne"]
[Black "Hammer, Jon Ludvig"]
[Result "1-0"]
[WhiteTitle "GM"]
[BlackTitle "GM"]
[WhiteElo "2679"]
[BlackElo "2628"]
[WhiteTeam "France Roosters"]
[BlackTeam "Norway Gnomes"]
[WhiteFideId "605506"]
[BlackFideId "1503707"]
[EventDate "2020.01.06"]

1. e4 e5 2. Nf3 Nf6 3. Nxe5 d6 4. Nf3 Nxe4 5. d4 d5 6. Bd3 Nc6 7. O-O Be7 8.
Nbd2 Nxd2 9. Bxd2 O-O 10. c3 Bg4 11. Re1 Qd7 12. h3 Bf5 13. Ne5 Nxe5 14. Bxf5
Qxf5 15. Rxe5 Qd7 16. Qg4 f5 17. Qf3 c6 18. Bf4 Bf6 19. Re2 Rae8 20. Be5 Bxe5
21. dxe5 f4 22. Rae1 Qe6 23. Kh2 Rf5 24. Qg4 g6 25. f3 Kg7 26. Qh4 b6 27. c4 d4
28. Re4 g5 29. Qf2 c5 30. b4 Qxc4 31. bxc5 bxc5 32. e6 Qd5 33. e7 Kf7 34. Qb2 h6
35. a4 d3 36. Re5 Rxe5 37. Rxe5 Qd6 38. Qb3+ Kf6 39. Rd5 Qxe7 40. Qxd3 Qe1 41.
Qf5+ Kg7 42. Qg4 Qe6 43. Rxc5 Qxg4 44. hxg4 Kf6 45. Ra5 Re1 46. Rxa7 Ra1 47. a5
Kg6 48. Ra8 Kg7 49. a6 Kh7 50. g3 Ra2+ 51. Kh3 Kg7 52. gxf4 gxf4 53. Ra7+ Kg6
54. Ra8 Kg7 55. a7 Kh7 56. Rf8 Rxa7 57. Rxf4 Kg6 58. Rf5 Ra1 59. Kg2 Ra2+ 60.
Kg3 Ra1 61. Rb5 Ra4 62. Rb6+ Kg7 63. f4 Ra1 64. f5 Rf1 65. Rb4 h5 66. Kg2 Rc1
67. g5 Rc5 68. Rf4 h4 69. Kh3 Rc3+ 70. Kxh4 Rc7 71. Kh5 1-0

[Event "PRO League Group Stage"]
[Site "chess.com INT"]
[Date "2020.01.15"]
[Round "2"]
[White "Vachier-Lagrave, Maxime"]
[Black "Narayanan, Srinath"]
[Result "1/2-1/2"]
[WhiteTitle "GM"]
[BlackTitle "GM"]
[WhiteElo "2770"]
[BlackElo "2535"]
[WhiteTeam "France Roosters"]
[BlackTeam "Norway Gnomes"]
[WhiteFideId "623539"]
[BlackFideId "5018420"]
[EventDate "2020.01.06"]

1. c4 e5 2. Nc3 Nf6 3. Nf3 Nc6 4. e3 Bb4 5. Qc2 d6 6. Nd5 Bc5 7. a3 a5 8. b3 Be6
9. Nxf6+ Qxf6 10. Bb2 O-O 11. Bd3 h6 12. O-O Bb6 13. Bh7+ Kh8 14. Be4 Rae8 15.
Rfe1 Qd8 16. d4 exd4 17. Bxc6 dxe3 18. Rxe3 bxc6 19. Nd4 Qh4 20. Re4 Qh5 21.
Rae1 Qg6 22. Qc3 Bh3 23. Qf3 Rxe4 24. Rxe4 Bd7 25. h4 Re8 26. Rxe8+ Bxe8 27. Kh2
Bd7 28. h5 Qg4 29. Qxf7 Bxd4 30. Bxd4 Qh4+ 31. Kg1 Qxd4 32. Qxd7 Qd1+ 33. Kh2
Qxh5+ 34. Kg1 Qc5 35. Qe8+ Kh7 36. Qe4+ 1/2-1/2

[Event "PRO League Group Stage"]
[Site "chess.com INT"]
[Date "2020.01.15"]
[Round "2"]
[White "Hauge, Lars Oskar"]
[Black "Edouard, Romain"]
[Result "1-0"]
[WhiteTitle "IM"]
[BlackTitle "GM"]
[WhiteElo "2493"]
[BlackElo "2640"]
[WhiteTeam "Norway Gnomes"]
[BlackTeam "France Roosters"]
[WhiteFideId "1509276"]
[BlackFideId "633429"]
[EventDate "2020.01.06"]

1. f4 Nf6 2. Nf3 g6 3. g3 Bg7 4. Bg2 O-O 5. d3 d5 6. O-O c5 7. Qe1 d4 8. c4 Nc6
9. Na3 Re8 10. Rb1 Nb4 11. Bd2 Nxa2 12. Nc2 Rb8 13. Ra1 Nb4 14. Bxb4 cxb4 15.
Qxb4 Ng4 16. Rxa7 e5 17. fxe5 Nxe5 18. Nxe5 Rxe5 19. Rf2 Bf8 20. Qd2 Be6 21. b4
Rh5 22. Ra1 Bh6 23. Qe1 Re5 24. Qf1 Bg5 25. Bh3 f5 26. Bg2 Qe7 27. Kh1 Rd8 28.
Ra7 Rd7 29. Bf3 h5 30. Qg2 Be3 31. Rf1 Kh7 32. Rxb7 Rxb7 33. Bxb7 g5 34. Ba8 h4
35. gxh4 g4 36. Qb7 Bd7 37. Qg2 Qxh4 38. b5 f4 39. Be4+ Kg7 40. Nxe3 fxe3 41. b6
Rh5 42. b7 g3 43. b8=Q 1-0

[Event "PRO League Group Stage"]
[Site "chess.com INT"]
[Date "2020.01.15"]
[Round "2"]
[White "Niemann, Hans Moke"]
[Black "Lagarde, Maxime"]
[Result "1-0"]
[WhiteTitle "IM"]
[BlackTitle "GM"]
[WhiteElo "2465"]
[BlackElo "2651"]
[WhiteTeam "Norway Gnomes"]
[BlackTeam "France Roosters"]
[WhiteFideId "2093596"]
[BlackFideId "662399"]
[EventDate "2020.01.06"]

1. Nf3 Nc6 2. d4 d6 3. d5 Ne5 4. Nxe5 dxe5 5. e4 Nf6 6. Nc3 e6 7. Bb5+ Bd7 8.
dxe6 Bxb5 9. exf7+ Kxf7 10. Nxb5 Qxd1+ 11. Kxd1 Nxe4 12. Rf1 c6 13. f3 Nf6 14.
Nc3 Bc5 15. Ke2 Ke6 16. Bg5 Bd4 17. Nd1 Nd5 18. c3 Bb6 19. g3 h6 20. Bd2 Rhf8
21. a4 a6 22. b3 Rf7 23. Nb2 Raf8 24. Nd3 g5 25. a5 Ba7 26. Rae1 Ne7 27. Kd1 Ng6
28. f4 gxf4 29. gxf4 Rf5 30. Rf3 Kd7 31. Rg3 Nxf4 32. Nxe5+ Kc8 33. Rg7 Rd8 34.
Rf7 Rxf7 35. Nxf7 Rf8 36. Nxh6 Nd3 37. Re2 Rf3 38. Kc2 Kd7 39. Ng4 Kd6 40. Be3
Bxe3 41. Rxe3 Rxe3 42. Nxe3 Nf4 43. Kd2 Ke5 44. Nc4+ Ke4 45. Nd6+ Kd5 46. Nxb7
c5 47. Nd8 Nh3 48. c4+ Ke5 49. Ke3 Ng5 50. Nc6+ Kd6 51. Nb8 Ne6 52. Nxa6 Kc6 53.
h4 Kb7 54. Nxc5+ Nxc5 55. b4 Na6 56. h5 Nxb4 57. h6 1-0

[Event "PRO League Group Stage"]
[Site "chess.com INT"]
[Date "2020.01.15"]
[Round "2"]
[White "Hammer, Jon Ludvig"]
[Black "Vachier-Lagrave, Maxime"]
[Result "0-1"]
[WhiteTitle "GM"]
[BlackTitle "GM"]
[WhiteElo "2628"]
[BlackElo "2770"]
[WhiteTeam "Norway Gnomes"]
[BlackTeam "France Roosters"]
[WhiteFideId "1503707"]
[BlackFideId "623539"]
[EventDate "2020.01.06"]

1. c4 b6 2. e4 Bb7 3. Nc3 c5 4. Nf3 Nf6 5. e5 Ng4 6. h3 Nh6 7. d4 cxd4 8. Nxd4
Nc6 9. Nxc6 Bxc6 10. Bd3 Bxg2 11. Rg1 Bc6 12. Bxh6 gxh6 13. Nd5 b5 14. Qe2 bxc4
15. Nf6+ exf6 16. exf6+ Be7 17. Bxc4 Kf8 18. fxe7+ Qxe7 19. Rd1 Qf6 20. Qd2 Re8+
21. Kf1 Rg8 22. Qb4+ Qe7 23. Rxg8+ Kxg8 24. Qxe7 Rxe7 25. b3 Re5 26. Rd4 Kg7 27.
b4 f5 28. Bd3 Kf6 29. Rd6+ Re6 30. Rd4 Ke5 31. Rh4 Bf3 32. b5 f4 33. Be2 Ke4 34.
Rh5 Bxh5 0-1

[Event "PRO League Group Stage"]
[Site "chess.com INT"]
[Date "2020.01.15"]
[Round "2"]
[White "Narayanan, Srinath"]
[Black "Bacrot, Etienne"]
[Result "1/2-1/2"]
[WhiteTitle "GM"]
[BlackTitle "GM"]
[WhiteElo "2535"]
[BlackElo "2679"]
[WhiteTeam "Norway Gnomes"]
[BlackTeam "France Roosters"]
[WhiteFideId "5018420"]
[BlackFideId "605506"]
[EventDate "2020.01.06"]

1. e4 c5 2. Nf3 d6 3. d4 cxd4 4. Qxd4 Nc6 5. Qe3 g6 6. Be2 Bg7 7. O-O Nf6 8. Rd1
O-O 9. c4 Ng4 10. Qb3 Qa5 11. h3 Nge5 12. Be3 Nxf3+ 13. Bxf3 Be6 14. Nc3 Bxc3
15. bxc3 Ne5 16. Be2 Qc7 17. Qb4 Bxc4 18. Bxc4 Nxc4 19. Bh6 Rfc8 20. Rac1 b6 21.
Qb5 Qc5 22. Qd7 Qh5 23. Bf4 e5 24. Bg3 Qg5 25. Rb1 h5 26. Rd3 Qd8 27. Qa4 a6 28.
Qd1 b5 29. f4 exf4 30. Bxf4 Qe7 31. Rd4 Rc5 32. Qf3 Ne5 33. Qg3 Rac8 34. Bd2 Nc4
35. Bf4 Ne5 36. Bd2 Qe6 37. a4 Nc4 38. axb5 Rxb5 39. Rxb5 axb5 40. Bg5 Ra8 41.
Qf4 Ra1+ 42. Kh2 Qe5 43. Rd5 Qxf4+ 44. Bxf4 Re1 45. Bxd6 Rxe4 46. Bc5 Ne3 47.
Rd8+ Kg7 48. Bd4+ f6 49. Rd7+ Kh6 50. Bxf6 h4 51. Rd8 g5 52. Rg8 g4 53. Bxh4
gxh3 54. Kxh3 Nd5 55. g4 Re3+ 56. Bg3 Rxc3 57. Kh4 Kh7 58. Rb8 b4 59. Rb7+ Kg8
60. g5 Rc6 61. Kh5 Rb6 62. Rd7 b3 63. Be5 b2 64. Bxb2 Rxb2 65. Rxd5 1/2-1/2

[Event "PRO League Group Stage"]
[Site "chess.com INT"]
[Date "2020.01.15"]
[Round "2"]
[White "Lagarde, Maxime"]
[Black "Hauge, Lars Oskar"]
[Result "1-0"]
[WhiteTitle "GM"]
[BlackTitle "IM"]
[WhiteElo "2651"]
[BlackElo "2493"]
[WhiteTeam "France Roosters"]
[BlackTeam "Norway Gnomes"]
[WhiteFideId "662399"]
[BlackFideId "1509276"]
[EventDate "2020.01.06"]

1. b3 f5 2. Bb2 e6 3. Nf3 Nf6 4. h3 g6 5. d3 Bg7 6. e4 O-O 7. e5 Nd5 8. c4 Ne7
9. d4 d6 10. exd6 cxd6 11. Nc3 Nd7 12. Be2 Nf6 13. O-O h6 14. d5 e5 15. c5 e4
16. cxd6 Qxd6 17. Nb5 Qd8 18. d6 Nc6 19. Ne5 Nxe5 20. Bxe5 Bd7 21. Nc7 Rc8 22.
Qd4 Kh7 23. Qxa7 f4 24. f3 Bxh3 25. fxe4 Bxg2 26. Ne6 Qd7 27. Nxf8+ Rxf8 28.
Kxg2 Nxe4 29. Bxg7 Qf5 30. Bxh6 Kxh6 31. Rh1+ Kg7 32. Qd4+ Rf6 33. Bf3 Qg5+ 34.
Kf1 Qb5+ 35. Ke1 Qa5+ 36. b4 Qa3 37. Bxe4 Qg3+ 38. Kd2 f3 39. d7 Qf2+ 40. Qxf2 1-0